| 000 | 00638nam a2200229 a 4500 | ||
|---|---|---|---|
| 001 | 53801 | ||
| 003 | BD-RjUL | ||
| 005 | 20211209080025.0 | ||
| 008 | 161025s1964 nyua b 000 0 eng | ||
| 035 | _a(BD-RjUL)53923 | ||
| 040 |
_aDLC _cOClU _dOCoLC _dDLC _dBD-RjUL _beng |
||
| 041 | _aeng | ||
| 082 |
_a666.3 _223 _bCLP 1964 |
||
| 100 | 1 |
_aClark, Kenneth, _d1922-2012. _9160694 |
|
| 245 | 1 | 0 |
_aPractical pottery and ceramics / _cKenneth Clark |
| 260 |
_aLondon : _bStudio books, _c1964 |
||
| 300 |
_a80 p. : _bill. ; _c26 cm. |
||
| 500 | _aIncludes Index | ||
| 650 | 0 |
_aPottery. _9118456 |
|
| 650 | 0 |
_aCeramics. _9160335 |
|
| 942 |
_2ddc _cBK |
||
| 999 |
_c53801 _d53801 |
||